000 00435nam a2200169Ia 4500
005 20250423095514.0
008 250422s9999 xx 000 0 und d
020 _a9781590476956
050 _aQA 76.9.D34 .G47/
245 0 _aGetting started with SAS Miner 3.1
260 _aCary
260 _bSAS Pub.
260 _c2007
300 _a82 p
650 _aData mining. SAS (Computer file) Electronic books. |2 lcsh
942 _cBK
999 _c30481
_d30481